[Event "OLNW 2324 Braunschweig Gliesm. - SK Rick"]
[Site "?"]
[Date "2023.10.22"]
[Round "1.1"]
[White "Ackermann, Dennie"]
[Black "Riemay, David"]
[Result "0-1"]
[WhiteElo "2094"]
[BlackElo "2213"]
[PlyCount "54"]
[EventDate "2023.??.??"]

1. e4 c6 2. Nc3 d5 3. Nf3 dxe4 4. Ng5 Nf6 5. Bc4 e6 6. Qe2 b5 7. Bb3 Be7 8. Ncxe4 Nxe4 9. Nxe4 O-O 10. c3 Nd7 11. d4 a6 12. Be3 Qc7 13. Bc2 Re8 14. Qh5 g6 15. Qf3 Bb7 16. Bf4 Qb6 17. Qg3 c5 18. O-O-O Bxe4 19. Bxe4 Rac8 20. d5 e5 21. Bh6 c4 22. h4 b4 23. cxb4 Bxb4 24. h5 Nc5 25. hxg6 fxg6 26. Be3 Ba3 27. bxa3 c3 0-1

[Event "OLNW 2324 Braunschweig Gliesm. - SK Rick"]
[Site "?"]
[Date "2023.10.22"]
[Round "1.2"]
[White "Cebulla, Konstantin"]
[Black "Simon, Ralf-Axel"]
[Result "1-0"]
[WhiteElo "2091"]
[BlackElo "2054"]
[PlyCount "59"]
[EventDate "2023.??.??"]

1. d4 Nf6 2. c4 e6 3. g3 d5 4. Nf3 dxc4 5. Bg2 a6 6. Ne5 Bb4+ 7. Nc3 Nd5 8. Qc2 b5 9. O-O c6 10. Be4 f6 11. Bg6+ Ke7 12. Nf7 Qe8 13. Nxh8 hxg6 14. Nxg6+ Kd7 15. Nf4 Bb7 16. e4 Nxf4 17. Bxf4 g5 18. Be3 Qh5 19. Qe2 Qh7 20. Qg4 Ke7 21. e5 Nd7 22. exf6+ Nxf6 23. Bxg5 c5 24. d5 Qf5 25. Bxf6+ Kxf6 26. Qh4+ Kf7 27. Ne4 Qxd5 28. Rad1 Qxe4 29. Rd7+ Ke8 30. Qe7# 1-0

[Event "OLNW 2324 Braunschweig Gliesm. - SK Rick"]
[Site "?"]
[Date "2023.10.22"]
[Round "1.3"]
[White "Schmidt, Benjamin"]
[Black "Nimtz, Manfred"]
[Result "1/2-1/2"]
[WhiteElo "1871"]
[BlackElo "2180"]
[PlyCount "81"]
[EventDate "2023.??.??"]

1. d4 Nf6 2. c4 g6 3. Nc3 d5 4. cxd5 Nxd5 5. e4 Nxc3 6. bxc3 Bg7 7. Be3 O-O 8. Qd2 c5 9. Rc1 Qa5 10. Nf3 cxd4 11. cxd4 Qxd2+ 12. Nxd2 e6 13. Nb3 b6 14. Bd3 Ba6 15. Bxa6 Nxa6 16. Ke2 Rac8 17. Rxc8 Rxc8 18. Rc1 Rxc1 19. Nxc1 Kf8 20. Kd3 Ke7 21. Kc4 Kd7 22. Ne2 Nc7 23. Nc3 a6 24. a4 Kc6 25. d5+ exd5+ 26. exd5+ Nxd5 27. Nxd5 b5+ 28. axb5+ axb5+ 29. Kb4 Kxd5 30. Kxb5 Bd4 31. Bxd4 Kxd4 32. Kc6 Kd3 33. Kd6 Ke2 34. f4 Kf2 35. g4 Kg2 36. f5 Kxh2 37. f6 h5 38. gxh5 gxh5 39. Ke7 h4 40. Kxf7 Kg2 41. Kg7 1/2-1/2

[Event "OLNW 2324 Braunschweig Gliesm. - SK Rick"]
[Site "?"]
[Date "2023.10.22"]
[Round "1.4"]
[White "Clemens, Christian"]
[Black "Herrmann, Andreas"]
[Result "1/2-1/2"]
[WhiteElo "2178"]
[BlackElo "2004"]
[PlyCount "75"]
[EventDate "2023.??.??"]

1. g3 Nf6 2. Bg2 d5 3. Nf3 c5 4. O-O Nc6 5. d4 e6 6. c4 dxc4 7. Qa4 cxd4 8. Nxd4 Nd5 9. Nxc6 bxc6 10. Qxc6+ Bd7 11. Qxc4 Rc8 12. Qd4 Nb4 13. Na3 Nc6 14. Qe3 Be7 15. Rd1 O-O 16. Bxc6 Rxc6 17. Qxa7 Rc7 18. Qa6 Qe8 19. Bf4 Rc6 20. Qa7 Bc8 21. Rac1 e5 22. Rxc6 Qxc6 23. Qxe7 Bh3 24. f3 exf4 25. Qd6 Qb7 26. Qd4 Qa6 27. Kf2 fxg3+ 28. hxg3 Be6 29. Nc2 Qxa2 30. Nb4 Qa5 31. Nd5 Bxd5 32. Qxd5 Qb6+ 33. Qd4 Qh6 34. Kg2 Qe6 35. Rd2 h6 36. e4 Rc8 37. Qd5 Qa6 38. Qd3 1/2-1/2

[Event "OLNW 2324 Braunschweig Gliesm. - SK Rick"]
[Site "?"]
[Date "2023.10.22"]
[Round "1.5"]
[White "Witthaus, Joerg"]
[Black "Horn, Matthias"]
[Result "1/2-1/2"]
[WhiteElo "2018"]
[BlackElo "2125"]
[PlyCount "37"]
[EventDate "2023.??.??"]

1. e4 c5 2. Nf3 g6 3. c3 Nf6 4. e5 Nd5 5. d4 cxd4 6. cxd4 Bg7 7. Bc4 Nb6 8. Be2 Nc6 9. Nc3 O-O 10. Bf4 f6 11. exf6 Rxf6 12. Bg3 d5 13. h3 Bf5 14. O-O Qd7 15. Ne5 Nxe5 16. Bxe5 Rff8 17. Bb5 Qd8 18. Bxg7 Kxg7 19. Qe2 1/2-1/2

[Event "OLNW 2324 Braunschweig Gliesm. - SK Rick"]
[Site "?"]
[Date "2023.10.22"]
[Round "1.6"]
[White "Cichy, Michael"]
[Black "Ploog, Martin"]
[Result "1/2-1/2"]
[WhiteElo "1993"]
[BlackElo "2029"]
[PlyCount "95"]
[EventDate "2023.??.??"]

1. d4 Nf6 2. Nf3 g6 3. c4 Bg7 4. Nc3 O-O 5. e4 d6 6. Be2 Nbd7 7. O-O e5 8. Qc2 c6 9. d5 c5 10. a3 h6 11. Bd2 Nh7 12. g3 f5 13. Nh4 Qf6 14. exf5 gxf5 15. Nxf5 Qxf5 16. Bd3 Qg4 17. Bxh7+ Kh8 18. Be4 Nf6 19. f3 Qh3 20. Be3 Nxe4 21. Nxe4 Qh5 22. Qe2 Qg6 23. Rae1 Bh3 24. Rf2 Rf7 25. Kh1 Raf8 26. Bc1 a6 27. a4 Bf5 28. Kg2 Bd7 29. b3 b5 30. axb5 axb5 31. Qa2 bxc4 32. bxc4 Bf5 33. Ree2 Bxe4 34. Rxe4 Rxf3 35. Rfe2 Rf2+ 36. Rxf2 Qxe4+ 37. Kh3 Rxf2 38. Qxf2 Qxc4 39. Qf5 Qxd5 40. Qg6 Qc6 41. Bxh6 Qd7+ 42. Kg2 Bxh6 43. Qxh6+ Kg8 44. Qg6+ Kf8 45. Qf6+ Ke8 46. Qh8+ Ke7 47. Qh4+ Ke8 48. Qh8+ 1/2-1/2

[Event "OLNW 2324 Braunschweig Gliesm. - SK Rick"]
[Site "?"]
[Date "2023.10.22"]
[Round "1.7"]
[White "Rausch, Darius"]
[Black "Hagemann, Sven"]
[Result "0-1"]
[WhiteElo "1747"]
[BlackElo "1952"]
[PlyCount "90"]
[EventDate "2023.??.??"]

1. d4 Nf6 2. Bf4 d6 3. Nc3 g6 4. e4 Bg7 5. Qd2 c6 6. Bh6 Bxh6 7. Qxh6 Qa5 8. O-O-O b5 9. e5 dxe5 10. dxe5 Ng4 11. Qg7 Rf8 12. Ne4 Bf5 13. h3 Bxe4 14. hxg4 Nd7 15. e6 fxe6 16. Rxh7 O-O-O 17. f3 Qxa2 18. Qxe7 Qa1+ 19. Kd2 Qxb2 20. Ke1 Bd5 21. Bd3 Qe5+ 22. Kf1 g5 23. Qa3 Qc7 24. Ra1 Kb8 25. Rg7 Rg8 26. Re7 Rh8 27. Nh3 Bxf3 28. Nxg5 Bxg4 29. Rf7 Qb6 30. Bh7 Qc7 31. Qe3 Rhf8 32. Rxf8 Rxf8+ 33. Ke1 Qe5 34. Qxe5+ Nxe5 35. Be4 Rg8 36. Nh7 Bf5 37. Nf6 Rg6 38. Bxf5 exf5 39. Nh5 Rxg2 40. Ra2 Nd3+ 41. Kf1 Rg5 42. Nf6 Nc5 43. Ke2 Kb7 44. Ra3 Rg2+ 45. Ke1 Ne4 0-1

[Event "OLNW 2324 SV Werder Bremen III - Hamelne"]
[Site "?"]
[Date "2023.10.22"]
[Round "1.1"]
[White "Bode, Wilfried"]
[Black "Lobzhanidze, Davit"]
[Result "1/2-1/2"]
[WhiteElo "2337"]
[BlackElo "2401"]
[PlyCount "51"]
[EventDate "2023.??.??"]

1. d4 Nf6 2. Nf3 e6 3. Bg5 h6 4. Bxf6 Qxf6 5. e4 d6 6. c3 g6 7. Nbd2 Bg7 8. Bc4 a6 9. a4 b6 10. O-O O-O 11. Re1 Qe7 12. Nf1 Bb7 13. Qc2 Nd7 14. Ne3 c5 15. d5 e5 16. g3 h5 17. Bf1 Bh6 18. Nc4 Rab8 19. Bh3 Bc8 20. Qe2 Nf6 21. Bxc8 Rfxc8 22. Kh1 Nd7 23. Ng1 Qf6 24. b3 Rc7 25. Ra2 h4 26. Nf3 1/2-1/2

[Event "OLNW 2324 SV Werder Bremen III - Hamelne"]
[Site "?"]
[Date "2023.10.22"]
[Round "1.3"]
[White "Helmer, Jan"]
[Black "Kardoeus, David"]
[Result "1/2-1/2"]
[WhiteElo "2174"]
[BlackElo "2159"]
[PlyCount "60"]
[EventDate "2023.??.??"]

1. Nf3 Nf6 2. c4 g6 3. Nc3 Bg7 4. e4 d6 5. d4 O-O 6. Be2 e5 7. O-O Bg4 8. d5 a5 9. Ne1 Bd7 10. Be3 Na6 11. Nd3 b6 12. a3 Nc5 13. f3 Nh5 14. Nxc5 bxc5 15. Qd2 Nf4 16. Rfe1 f5 17. Bf1 Rb8 18. Nb5 fxe4 19. fxe4 a4 20. Qa5 Rb6 21. Qxa4 c6 22. dxc6 Bxc6 23. b4 Qg5 24. bxc5 Nh3+ 25. Kh1 Rxf1+ 26. Rxf1 Qxe3 27. Rf3 Nf2+ 28. Rxf2 Qxf2 29. cxb6 Bxe4 30. Rg1 Bxg2+ 1/2-1/2

[Event "OLNW 2324 SV Werder Bremen III - Hamelne"]
[Site "?"]
[Date "2023.10.22"]
[Round "1.4"]
[White "Heldt, Nils-Lennart"]
[Black "Renner, Kai"]
[Result "1-0"]
[WhiteElo "2046"]
[BlackElo "2103"]
[PlyCount "131"]
[EventDate "2023.??.??"]

1. d4 f5 2. c4 Nf6 3. Nc3 d6 4. Bg5 Nbd7 5. Qc2 g6 6. e4 fxe4 7. Nxe4 Bg7 8. Ng3 Nf8 9. Bd3 Be6 10. Nf3 Qd7 11. O-O O-O-O 12. a4 Kb8 13. Rfe1 c6 14. b4 Bg4 15. Nd2 Ne6 16. Be3 Nh5 17. Nxh5 Bxh5 18. Nb3 Rhf8 19. Qd2 Bg4 20. Rac1 Rf7 21. f3 Bf5 22. Bf1 Nc7 23. b5 e5 24. dxe5 Bxe5 25. bxc6 bxc6 26. Qb4+ Ka8 27. Qa5 Ne8 28. Nd4 Bxd4 29. Bxd4 Qc7 30. Qc3 c5 31. Bf2 Bd7 32. a5 Bc6 33. Bg3 Ng7 34. Bd3 Nf5 35. Bxf5 Rxf5 36. Rcd1 Rf7 37. Re6 Qc8 38. Rexd6 Rxd6 39. Rxd6 Rd7 40. Qe5 Rxd6 41. Qxd6 Kb7 42. h3 Qd7 43. Qxc5 Ka6 44. Kh2 Bb7 45. Bb8 Ba8 46. Bxa7 Qc6 47. Qxc6+ Bxc6 48. Bb6 Ba4 49. Kg3 Kb7 50. Kf4 Bb3 51. c5 h5 52. g4 hxg4 53. hxg4 Bd1 54. Kg3 Be2 55. f4 Kc6 56. Kh4 Kd5 57. Kg5 Ke6 58. a6 Kf7 59. a7 Bf3 60. f5 gxf5 61. Kxf5 Ke7 62. Ke5 Kd7 63. g5 Ke7 64. g6 Ba8 65. Bd8+ Kf8 66. Kd6 1-0

[Event "OLNW 2324 SV Werder Bremen III - Hamelne"]
[Site "?"]
[Date "2023.10.22"]
[Round "1.5"]
[White "Koch, Yannick"]
[Black "Franke, Reiner"]
[Result "1/2-1/2"]
[WhiteElo "2011"]
[BlackElo "2175"]
[PlyCount "79"]
[EventDate "2023.??.??"]

1. d4 d5 2. c4 e6 3. Nc3 a6 4. cxd5 exd5 5. Bf4 Nf6 6. e3 Bd6 7. Bxd6 Qxd6 8. Bd3 O-O 9. h3 Re8 10. Nf3 b6 11. O-O Nbd7 12. Qc2 Bb7 13. Rab1 c5 14. b3 g6 15. Rfd1 Rac8 16. Qb2 Rc7 17. dxc5 bxc5 18. Be2 Rec8 19. b4 cxb4 20. Qxb4 Qxb4 21. Rxb4 Rxc3 22. Rxb7 Ra3 23. Rb2 Rc5 24. Bd3 Kf8 25. Nd4 Ke7 26. Bb1 Rac3 27. Bd3 Ra3 28. Bb1 Rac3 29. Kf1 Rc1 30. Rxc1 Rxc1+ 31. Ke2 Rc7 32. Bd3 Nc5 33. Rb6 Nfd7 34. Rb4 h5 35. f4 Nxd3 36. Kxd3 Nc5+ 37. Ke2 Rb7 38. Nc6+ Kd6 39. Rxb7 Nxb7 40. Ne5 1/2-1/2

[Event "OLNW 2324 SV Werder Bremen III - Hamelne"]
[Site "?"]
[Date "2023.10.22"]
[Round "1.6"]
[White "Diederichsen, Detlev"]
[Black "van Son, Lutz"]
[Result "0-1"]
[WhiteElo "2161"]
[BlackElo "2188"]
[PlyCount "100"]
[EventDate "2023.??.??"]

1. Nf3 d5 2. g3 c6 3. Bg2 Bg4 4. O-O Nd7 5. b3 Ngf6 6. Bb2 e6 7. d3 Bc5 8. Nbd2 O-O 9. h3 Bh5 10. e4 dxe4 11. dxe4 Qc7 12. e5 Nd5 13. a3 a5 14. Qe2 Rfd8 15. c4 N5b6 16. g4 Bg6 17. h4 h5 18. Ne4 hxg4 19. Nh2 Bxe4 20. Bxe4 g3 21. Ng4 gxf2+ 22. Kh1 Nf8 23. Rxf2 Bxf2 24. Qxf2 Ng6 25. Rg1 Qe7 26. Bxg6 fxg6 27. Nf6+ gxf6 28. Rxg6+ Kh7 29. exf6 Qd6 30. Rg7+ Kh8 31. f7 e5 32. Rg5 Nd7 33. Qg3 Qd1+ 34. Kh2 Nf6 35. Qxe5 Rd2+ 36. Rg2 Rxg2+ 37. Kxg2 Qg4+ 38. Kf1 Qf3+ 39. Ke1 Kg7 40. Qe8 Qh1+ 41. Kd2 Qg2+ 42. Kd1 Rxe8 43. fxe8=Q Qxb2 44. Qe7+ Kg6 45. Qxb7 Qxa3 46. Qxc6 Qxb3+ 47. Kd2 Qh3 48. Kc2 Qxh4 49. Qg2+ Qg4 50. Qc6 Qe4+ 0-1

[Event "OLNW 2324 SV Werder Bremen III - Hamelne"]
[Site "?"]
[Date "2023.10.22"]
[Round "1.7"]
[White "Schmidt, Dennis"]
[Black "Lai Hop, Duong"]
[Result "0-1"]
[WhiteElo "2051"]
[BlackElo "2201"]
[PlyCount "96"]
[EventDate "2023.??.??"]

1. e4 d5 2. exd5 Qxd5 3. Nc3 Qd6 4. d4 Nf6 5. Be2 c6 6. Nf3 Bf5 7. Be3 Nbd7 8. Qd2 e6 9. a3 Qc7 10. Bf4 Bd6 11. Bxd6 Qxd6 12. O-O O-O 13. Rfe1 Rfd8 14. Bd3 Bg6 15. Bxg6 hxg6 16. Rad1 b5 17. Ng5 a5 18. Nce4 Nxe4 19. Nxe4 Qe7 20. Qf4 Nf6 21. Ng5 Rd5 22. Re5 Qd6 23. Rd3 Rd8 24. Rxd5 exd5 25. Qxd6 Rxd6 26. Re3 Kf8 27. h3 Rd8 28. Kf1 Rc8 29. Ke2 c5 30. Nf3 c4 31. Ne5 b4 32. a4 Rc7 33. g4 Ne4 34. f3 Ng5 35. h4 Ne6 36. c3 Nf4+ 37. Kf2 f6 38. Kg3 fxe5 39. Rxe5 Nd3 40. Re2 b3 41. g5 Re7 42. Rh2 Re1 43. h5 gxh5 44. Rxh5 Rg1+ 45. Kh2 Rb1 46. g6 Rxb2+ 47. Kg3 Rb1 48. Rf5+ Ke8 0-1

[Event "OLNW 2324 SV Werder Bremen III - Hamelne"]
[Site "?"]
[Date "2023.10.22"]
[Round "1.8"]
[White "Pollmann, Sascha"]
[Black "Reichelt, Ole"]
[Result "1/2-1/2"]
[WhiteElo "2061"]
[BlackElo "1908"]
[PlyCount "65"]
[EventDate "2023.??.??"]

1. Nf3 d5 2. g3 Nd7 3. d4 Ngf6 4. Bg2 c5 5. O-O cxd4 6. Nxd4 g6 7. c4 dxc4 8. Na3 Nb6 9. Nxc4 Bg7 10. Nxb6 Qxb6 11. Nb3 O-O 12. Be3 Qb5 13. Qc2 Ng4 14. Bc5 Bf5 15. e4 Be6 16. Nd4 Qc4 17. Qxc4 Bxc4 18. Rfd1 Rfd8 19. h3 Ne5 20. Nb3 Nd3 21. Bxe7 Re8 22. Ba3 Rad8 23. Nc5 Nxc5 24. Bxc5 b6 25. Ba3 Be2 26. Rxd8 Rxd8 27. Rc1 h5 28. Rc7 Rd1+ 29. Kh2 Bd4 30. Rd7 Kg7 31. b3 Bxf2 32. Bb2+ Kh6 33. Rxd1 1/2-1/2

[Event "OLNW 2324 SK Nordhorn Blanke - SV Heller"]
[Site "?"]
[Date "2023.10.22"]
[Round "1.1"]
[White "Gronde, Ingo"]
[Black "Kroeze, Frank"]
[Result "0-1"]
[WhiteElo "2320"]
[BlackElo "2381"]
[PlyCount "82"]
[EventDate "2023.??.??"]

1. c4 c6 2. Nf3 d5 3. g3 dxc4 4. Bg2 b5 5. O-O Bb7 6. b3 cxb3 7. Qxb3 e6 8. Bb2 Nd7 9. Rc1 Ngf6 10. Nd4 Nc5 11. Qc2 Qb6 12. d3 Rc8 13. Nd2 Na4 14. Rab1 Nxb2 15. Qxb2 Be7 16. a4 b4 17. a5 Qa6 18. N4b3 c5 19. Nc4 Bxg2 20. Kxg2 O-O 21. e4 Rfd8 22. Qe2 Ne8 23. Qe3 Nc7 24. Nb2 Nb5 25. Nxc5 Bxc5 26. Rxc5 Qxa5 27. Nc4 Qa4 28. Rxc8 Rxc8 29. Qe1 Nc3 30. Ra1 Qd7 31. Qe3 Nb5 32. Ra6 h6 33. h4 b3 34. Qe2 Qd4 35. Ra5 Rc5 36. Ra6 Qc3 37. e5 Rd5 38. Rc6 Qxd3 39. Rc8+ Kh7 40. Qh5 Qe4+ 41. Kh2 g6 0-1

[Event "OLNW 2324 SK Nordhorn Blanke - SV Heller"]
[Site "?"]
[Date "2023.10.22"]
[Round "1.2"]
[White "Elgersma, Simon"]
[Black "Lehmann, Holger"]
[Result "0-1"]
[WhiteElo "2257"]
[BlackElo "2113"]
[PlyCount "117"]
[EventDate "2023.??.??"]

1. e4 c5 2. Nf3 Nc6 3. Bb5 g6 4. O-O Bg7 5. Re1 Nf6 6. e5 Nd5 7. Bxc6 dxc6 8. h3 O-O 9. Nc3 Nc7 10. d3 h6 11. Ne4 b6 12. Ng3 Ne6 13. Be3 Nd4 14. Bxd4 cxd4 15. Re4 c5 16. Nh4 Bb7 17. Rg4 Bc8 18. Re4 Bb7 19. Re1 e6 20. Nf3 Qc7 21. Qe2 Rfd8 22. Nd2 b5 23. f4 Bd5 24. Nde4 a5 25. a4 b4 26. b3 Kf8 27. Nd6 Rxd6 28. exd6 Qxd6 29. Qf2 f5 30. Re2 Bf6 31. Nf1 g5 32. fxg5 hxg5 33. Rae1 Kf7 34. Nd2 Rh8 35. Nf3 Qb8 36. Ne5+ Kg7 37. Nd7 Qc7 38. Nxf6 Kxf6 39. Re5 Rh4 40. Qg3 Qd7 41. R1e2 Rf4 42. Qh2 Qf7 43. g3 Rf3 44. h4 Qh5 45. hxg5+ Kxg5 46. Qxh5+ Kxh5 47. Rf2 Rxg3+ 48. Kh2 Kg4 49. Rxd5 exd5 50. Rxf5 Rf3 51. Rxd5 Rf2+ 52. Kg1 Rxc2 53. Re5 Kf4 54. Re8 Kf3 55. Re7 Rc3 56. Re5 Rc2 57. Re7 Rc1+ 58. Kh2 Rc3 59. Kg1 0-1

[Event "OLNW 2324 SK Nordhorn Blanke - SV Heller"]
[Site "?"]
[Date "2023.10.22"]
[Round "1.3"]
[White "Lewin, Tammo"]
[Black "Ten Vergert, Paul"]
[Result "1/2-1/2"]
[WhiteElo "2072"]
[BlackElo "2175"]
[PlyCount "32"]
[EventDate "2023.??.??"]

1. d4 Nf6 2. c4 c5 3. d5 b5 4. Qc2 bxc4 5. e4 d6 6. Bxc4 g6 7. Nf3 Bg7 8. O-O O-O 9. Re1 Nbd7 10. h3 Nb6 11. Bf1 e5 12. dxe6 fxe6 13. Bg5 Qc7 14. e5 Nfd5 15. exd6 Qxd6 16. Nc3 Nxc3 1/2-1/2

[Event "OLNW 2324 SK Nordhorn Blanke - SV Heller"]
[Site "?"]
[Date "2023.10.22"]
[Round "1.4"]
[White "Rietman, Frits"]
[Black "Happe, Reinhold"]
[Result "1/2-1/2"]
[WhiteElo "2216"]
[BlackElo "2100"]
[PlyCount "60"]
[EventDate "2023.??.??"]

1. e4 e5 2. Nf3 Nc6 3. Bc4 Nf6 4. d3 Bc5 5. c3 d6 6. Bb3 a6 7. Nbd2 Ba7 8. h3 Be6 9. Bc2 d5 10. Qe2 Qd6 11. exd5 Qxd5 12. Bb3 Qd6 13. Nc4 Bxc4 14. Bxc4 O-O 15. O-O h6 16. a4 Rfe8 17. Nh4 e4 18. d4 Qd7 19. Ng6 Rad8 20. Be3 Nd5 21. Nf4 Nce7 22. Qh5 c6 23. Rae1 Bb8 24. Bc1 Nf5 25. Qg4 Nf6 26. Qd1 Qd6 27. g3 Qd7 28. Nh5 Nxh5 29. Qxh5 Nd6 30. Bb3 Qf5 1/2-1/2

[Event "OLNW 2324 SK Nordhorn Blanke - SV Heller"]
[Site "?"]
[Date "2023.10.22"]
[Round "1.5"]
[White "Hart, Martin"]
[Black "Oehne, Timo"]
[Result "1-0"]
[WhiteElo "2034"]
[BlackElo "2150"]
[PlyCount "63"]
[EventDate "2023.??.??"]

1. e4 c6 2. d3 d5 3. Nd2 e5 4. Ngf3 Bd6 5. g3 Nf6 6. Bg2 O-O 7. O-O a5 8. a4 Re8 9. Qe2 h6 10. Nh4 Qb6 11. h3 Na6 12. Kh1 Nc5 13. b3 Bd7 14. g4 Ne6 15. Ndf3 Nf4 16. Bxf4 exf4 17. e5 d4 18. Nf5 Bxf5 19. gxf5 Qc5 20. Rae1 Nd7 21. e6 fxe6 22. fxe6 Nf8 23. Qe4 Nxe6 24. Qg6 Nc7 25. Nh4 Rxe1 26. Rxe1 Rf8 27. Be4 Rf6 28. Qh7+ Kf8 29. Rg1 Ne6 30. Nf5 Qe5 31. Nxg7 f3 32. Qh8+ 1-0

[Event "OLNW 2324 SK Nordhorn Blanke - SV Heller"]
[Site "?"]
[Date "2023.10.22"]
[Round "1.6"]
[White "Stotyn, Fabian"]
[Black "Stock, Joerg"]
[Result "1/2-1/2"]
[WhiteElo "2133"]
[BlackElo "2084"]
[PlyCount "43"]
[EventDate "2023.??.??"]

1. e4 c6 2. Nf3 d5 3. exd5 cxd5 4. Ne5 Qb6 5. d4 Nc6 6. c3 Bf5 7. Bd3 Bxd3 8. Qxd3 Nf6 9. O-O e6 10. Nd2 Bd6 11. Ndf3 O-O 12. Bg5 Bxe5 13. Nxe5 Nxe5 14. dxe5 Ne4 15. Be7 Rfe8 16. Ba3 Rac8 17. Rac1 Rc6 18. Rc2 Rec8 19. g3 Rc4 20. Kg2 Nc5 21. Bxc5 Qxc5 22. Rd2 1/2-1/2

[Event "OLNW 2324 SK Nordhorn Blanke - SV Heller"]
[Site "?"]
[Date "2023.10.22"]
[Round "1.7"]
[White "Bade, Hans-Juergen"]
[Black "Bierenbroodspot, Paul"]
[Result "1/2-1/2"]
[WhiteElo "1986"]
[BlackElo "2115"]
[PlyCount "57"]
[EventDate "2023.??.??"]

1. e4 e5 2. Nf3 Nc6 3. Bc4 Nf6 4. d3 Bc5 5. c3 d6 6. Nbd2 a6 7. Bb3 Be6 8. h3 Qd7 9. Bxe6 fxe6 10. b4 Ba7 11. Qe2 O-O 12. Nf1 Nh5 13. g3 d5 14. Bb2 d4 15. c4 Nxb4 16. Nxe5 Qd6 17. Ng4 e5 18. a3 Nc6 19. Bc1 Kh8 20. Nfh2 Bc5 21. O-O Rae8 22. Nf3 Qe6 23. Ng5 Qg6 24. Kg2 Nf4+ 25. gxf4 exf4 26. Nf3 h5 27. Nh4 Qg5 28. Nf3 Qg6 29. Nh4 1/2-1/2

[Event "OLNW 2324 SK Nordhorn Blanke - SV Heller"]
[Site "?"]
[Date "2023.10.22"]
[Round "1.8"]
[White "Hoellmann, Ludger"]
[Black "Kovermann, Peter"]
[Result "1-0"]
[WhiteElo "2007"]
[BlackElo "2013"]
[PlyCount "105"]
[EventDate "2023.??.??"]

1. d4 b5 2. e3 Bb7 3. Nf3 a6 4. a4 b4 5. c3 e6 6. Bd3 f5 7. cxb4 Bxb4+ 8. Bd2 Qe7 9. Qb3 a5 10. Bxb4 Qxb4+ 11. Qxb4 axb4 12. Nbd2 Nf6 13. Ke2 Ke7 14. Rhc1 Rc8 15. Ne1 d6 16. f3 Nd5 17. e4 Nf4+ 18. Ke3 Nxd3 19. Nxd3 Na6 20. Nb3 Rab8 21. Na5 Kd7 22. Nxb7 Rxb7 23. b3 g6 24. h4 c5 25. dxc5 Nxc5 26. Nxc5+ Rxc5 27. Rxc5 dxc5 28. Rd1+ Ke7 29. e5 h6 30. f4 h5 31. g3 c4 32. bxc4 b3 33. Rb1 Rb4 34. Kd4 Kd7 35. Kc5 Rb8 36. Rb2 Kc7 37. a5 Ra8 38. Kb5 Rb8+ 39. Ka4 Kc6 40. Rxb3 Rd8 41. Rb6+ Kc5 42. Rd6 Rb8 43. Rxe6 Kxc4 44. Rc6+ Kd5 45. Rb6 Rc8 46. Rb5+ Ke4 47. Rb3 Ra8 48. Kb5 Rb8+ 49. Ka4 Ra8 50. Ra3 Kd5 51. Rc3 Rb8 52. a6 Rb1 53. a7 1-0

[Event "OLNW 2324 SK Kirchweyhe II - Delmenhorst"]
[Site "?"]
[Date "2023.10.22"]
[Round "1.1"]
[White "Pahl, Theis"]
[Black "Palac, Mladen"]
[Result "0-1"]
[WhiteElo "2118"]
[BlackElo "2487"]
[PlyCount "120"]
[EventDate "2023.??.??"]

1. e4 c5 2. Nf3 d6 3. Bd3 Bg4 4. O-O Nc6 5. Bb5 Qb6 6. Nc3 e6 7. Re1 Nge7 8. a4 a6 9. Be2 g6 10. d3 Bxf3 11. Bxf3 Bg7 12. Ne2 Ne5 13. Ng3 Nxf3+ 14. Qxf3 Nc6 15. h4 h5 16. c3 O-O 17. Qe2 d5 18. exd5 exd5 19. Bf4 Qd8 20. Qf3 Qf6 21. Ne2 Rfe8 22. Qxd5 Rxe2 23. Rxe2 Qxf4 24. Qxc5 Qxh4 25. d4 Bf8 26. Qb6 Qg4 27. Rae1 Qd7 28. Re4 Ne7 29. Qf6 Nf5 30. a5 Rc8 31. g3 Bg7 32. Qb6 Kh7 33. R1e2 h4 34. gxh4 Nd6 35. Re7 Qg4+ 36. Kh1 Rc6 37. Qb3 Qxh4+ 38. Kg1 Qg4+ 39. Kf1 Qh3+ 40. Kg1 Nf5 41. Qxf7 Qg4+ 42. Kf1 Qh4 43. Ke1 Rf6 44. Qe8 Nxe7 45. Qxe7 Qh1+ 46. Kd2 Qf3 47. Qd7 Rf7 48. Qe6 Rf5 49. Qd7 Rxa5 50. Re7 Qxf2+ 51. Kd3 Qf5+ 52. Qxf5 Rxf5 53. Rxb7 g5 54. Ra7 Rf6 55. Re7 Kg6 56. d5 g4 57. c4 Bf8 58. Re8 g3 59. Re3 Bd6 60. c5 g2 0-1

[Event "OLNW 2324 SK Kirchweyhe II - Delmenhorst"]
[Site "?"]
[Date "2023.10.22"]
[Round "1.2"]
[White "Zeitlein, Michael"]
[Black "Pahl, Erik"]
[Result "1/2-1/2"]
[WhiteElo "2337"]
[BlackElo "2155"]
[PlyCount "29"]
[EventDate "2023.??.??"]

1. Nf3 Nf6 2. d4 d5 3. Bf4 c5 4. e3 Nc6 5. c3 Qb6 6. Qb3 c4 7. Qc2 Bf5 8. Qc1 h6 9. Nbd2 Nh5 10. Be2 Nxf4 11. exf4 e6 12. O-O Qc7 13. Ne5 Bd6 14. Re1 O-O 15. Ndf3 1/2-1/2

[Event "OLNW 2324 SK Kirchweyhe II - Delmenhorst"]
[Site "?"]
[Date "2023.10.22"]
[Round "1.3"]
[White "Hedke, Fred"]
[Black "Kuegel, Tobias"]
[Result "1/2-1/2"]
[WhiteElo "2231"]
[BlackElo "2425"]
[PlyCount "105"]
[EventDate "2023.??.??"]

1. e4 e5 2. Bc4 Nf6 3. d3 Nc6 4. Nf3 Bc5 5. c3 O-O 6. O-O d5 7. exd5 Nxd5 8. b4 Be7 9. Re1 Bg4 10. h3 Bh5 11. g4 Bg6 12. b5 Na5 13. Bxd5 Qxd5 14. Rxe5 Qd7 15. Rxe7 Qxe7 16. Ba3 Qd7 17. Bxf8 Rxf8 18. d4 Qxb5 19. Nbd2 Re8 20. Rc1 f6 21. Nb3 Nc4 22. Nbd2 Nxd2 23. Qxd2 Be4 24. c4 Qd7 25. Rc3 Bxf3 26. Rxf3 Rd8 27. d5 b5 28. cxb5 Qxb5 29. Rd3 Kf7 30. d6 cxd6 31. Rxd6 Qb1+ 32. Kg2 Qb7+ 33. Kg1 Qb1+ 34. Kg2 Qe4+ 35. Kg1 Rxd6 36. Qxd6 Qb1+ 37. Kg2 Qe4+ 38. Kg1 Kg6 39. Qa3 Qb1+ 40. Kg2 Qe4+ 41. Kg1 Qd4 42. Qf3 h6 43. a3 Kf7 44. Qb7+ Kg8 45. Qb3+ Kf8 46. Kg2 Ke7 47. Qb7+ Qd7 48. Qe4+ Kd6 49. Qb4+ Ke6 50. Qe4+ Kd6 51. Qd4+ Ke6 52. Qe4+ Kd6 53. Qd4+ 1/2-1/2

[Event "OLNW 2324 SK Kirchweyhe II - Delmenhorst"]
[Site "?"]
[Date "2023.10.22"]
[Round "1.4"]
[White "Jovanovic, Zoran"]
[Black "Chokhonelidze, Giorgi"]
[Result "1-0"]
[WhiteElo "2513"]
[BlackElo "2291"]
[PlyCount "83"]
[EventDate "2023.??.??"]

1. c4 Nf6 2. Nc3 c5 3. g3 g6 4. Bg2 Bg7 5. e4 d6 6. Nge2 O-O 7. O-O Nc6 8. d3 Nd4 9. Nxd4 cxd4 10. Ne2 Qb6 11. Rb1 a5 12. b3 Bg4 13. f3 Bd7 14. g4 Bc6 15. Ng3 Nd7 16. f4 Qc5 17. a4 e6 18. g5 f5 19. gxf6 Rxf6 20. Rb2 Raf8 21. Bh3 Re8 22. Rbf2 Kh8 23. Bb2 Rff8 24. Ne2 Qh5 25. Bg2 e5 26. Rf3 Qh4 27. Bc1 Nc5 28. Ng3 Bh6 29. Ne2 Qe7 30. Bh3 Bd7 31. Bxd7 Qxd7 32. Kh1 Rf7 33. Ng3 Qg4 34. fxe5 Rxf3 35. Rxf3 Qh4 36. Bxh6 Qxh6 37. exd6 Re6 38. Qf1 Kg8 39. Rf7 Rxd6 40. Rc7 Nd7 41. e5 Re6 42. Rxd7 1-0

[Event "OLNW 2324 SK Kirchweyhe II - Delmenhorst"]
[Site "?"]
[Date "2023.10.22"]
[Round "1.5"]
[White "Juhnke, Karl"]
[Black "Genov, Petar"]
[Result "0-1"]
[WhiteElo "2156"]
[BlackElo "2411"]
[PlyCount "82"]
[EventDate "2023.??.??"]

1. d4 Nf6 2. c4 e6 3. Nc3 Bb4 4. e3 Bxc3+ 5. bxc3 b6 6. Ba3 Bb7 7. Nf3 d6 8. Bd3 c5 9. Nd2 Nbd7 10. e4 Qe7 11. O-O e5 12. d5 g6 13. Re1 h5 14. Nf1 O-O-O 15. Bc1 Ng4 16. f3 Nh6 17. Bc2 Rdf8 18. Ba4 Nb8 19. Bxh6 Rxh6 20. Qd2 Rhh8 21. f4 Kc7 22. Rad1 Bc8 23. fxe5 Qxe5 24. Qe3 Nd7 25. Nd2 f6 26. Nf3 Qe7 27. Bxd7 Qxd7 28. Qc1 Rhg8 29. Qa3 Kb8 30. Rb1 Re8 31. Nd4 cxd4 32. cxd4 Bb7 33. c5 dxc5 34. dxc5 bxc5 35. Qxc5 Rg7 36. Qd4 Qd6 37. Qa4 Rc8 38. Rec1 Rgc7 39. Rxc7 Qxc7 40. h3 Ka8 41. Kh1 f5 0-1